00498nam a2200181Ia 4500008004100000020001500041041000800056041000800064082002100072100001600093245007700109260003700186300000800223440004300231463000700274650001900281700001600300140306s9999 xx 000 0 und d a8171881696 aeng aguj a338.9bRAJ/EC 21 aRaj, Kapila aEconomic development in India : analysis, reports, policy documents v.21 aDelhibAcademic Foundationc2000 a319 vAcademic foundations continuing series aCD aPublic finance aUma, Kapila